<?xml version="1.0" encoding="UTF-8"?>
<record
    xmlns:xsi="http://www.w3.org/2001/XMLSchema-instance"
    xsi:schemaLocation="http://www.loc.gov/MARC21/slim http://www.loc.gov/standards/marcxml/schema/MARC21slim.xsd"
    xmlns="http://www.loc.gov/MARC21/slim">

  <leader>00703nam a22002417a 4500</leader>
  <controlfield tag="003">UA-OsUOA</controlfield>
  <controlfield tag="001"> 80091 </controlfield>
  <controlfield tag="007">ta</controlfield>
  <controlfield tag="008">20111128b un ||||| |||| 00| 0 ukr d</controlfield>
  <datafield tag="100" ind1=" " ind2=" ">
    <subfield code="a">&#x424;&#x435;&#x43B;&#x44C;&#x434;&#x43C;&#x430;&#x43D; &#x418;.&#x410;.</subfield>
  </datafield>
  <datafield tag="090" ind1=" " ind2=" ">
    <subfield code="a">641/642</subfield>
    <subfield code="b">&#x424;39</subfield>
  </datafield>
  <datafield tag="942" ind1=" " ind2=" ">
    <subfield code="c">BK</subfield>
  </datafield>
  <datafield tag="040" ind1=" " ind2=" ">
    <subfield code="a">UA-OsUOA</subfield>
    <subfield code="b">rus</subfield>
    <subfield code="c">UA-OsUOA</subfield>
    <subfield code="d">UA-OsUOA</subfield>
  </datafield>
  <datafield tag="245" ind1=" " ind2=" ">
    <subfield code="a">&#x41A;&#x443;&#x43B;&#x438;&#x43D;&#x430;&#x440;&#x43D;&#x430;&#x44F; &#x43C;&#x443;&#x434;&#x440;&#x43E;&#x441;&#x442;&#x44C;: &#x41A;&#x443;&#x445;&#x43D;&#x44F; &#x43D;&#x430;&#x440;&#x43E;&#x434;&#x43E;&#x432; &#x43C;&#x438;&#x440;&#x430;</subfield>
  </datafield>
  <datafield tag="300" ind1=" " ind2=" ">
    <subfield code="a">256 &#x441;.</subfield>
  </datafield>
  <datafield tag="955" ind1=" " ind2=" ">
    <subfield code="a">2</subfield>
  </datafield>
  <datafield tag="041" ind1=" " ind2=" ">
    <subfield code="a">rus</subfield>
  </datafield>
  <datafield tag="080" ind1=" " ind2=" ">
    <subfield code="a">641/642</subfield>
  </datafield>
  <datafield tag="260" ind1=" " ind2=" ">
    <subfield code="a">&#x41A;.</subfield>
    <subfield code="b">&#x420;&#x435;&#x43A;&#x43B;&#x430;&#x43C;&#x430;</subfield>
    <subfield code="c">1978</subfield>
  </datafield>
  <datafield tag="250" ind1=" " ind2=" ">
    <subfield code="n">4-&#x435; &#x438;&#x437;&#x434;.</subfield>
  </datafield>
  <datafield tag="650" ind1=" " ind2="7">
    <subfield code="a">641/642 &#x425;&#x430;&#x440;&#x447;&#x443;&#x432;&#x430;&#x43D;&#x43D;&#x44F;. &#x425;&#x430;&#x440;&#x447;&#x43E;&#x432;&#x456; &#x43F;&#x440;&#x43E;&#x434;&#x443;&#x43A;&#x442;&#x438;. &#x41F;&#x440;&#x438;&#x433;&#x43E;&#x442;&#x443;&#x432;&#x430;&#x43D;&#x43D;&#x44F; &#x457;&#x436;&#x456;. &#x421;&#x442;&#x440;&#x430;&#x432;&#x438;</subfield>
    <subfield code="2">UDC</subfield>
  </datafield>
  <datafield tag="999" ind1=" " ind2=" ">
    <subfield code="c">366409</subfield>
    <subfield code="d">366409</subfield>
  </datafield>
  <datafield tag="952" ind1=" " ind2=" ">
    <subfield code="0">0</subfield>
    <subfield code="1">0</subfield>
    <subfield code="2">udc</subfield>
    <subfield code="4">0</subfield>
    <subfield code="7">0</subfield>
    <subfield code="8">C_VASYLYSHYN</subfield>
    <subfield code="a">101</subfield>
    <subfield code="b">101</subfield>
    <subfield code="d">2011-11-28</subfield>
    <subfield code="e">139/2011</subfield>
    <subfield code="g">8.00</subfield>
    <subfield code="i">135847</subfield>
    <subfield code="l">0</subfield>
    <subfield code="o">641/642 &#x424;39</subfield>
    <subfield code="p">135847</subfield>
    <subfield code="r">2022-02-06 00:00:00</subfield>
    <subfield code="w">2011-11-28</subfield>
    <subfield code="y">BK</subfield>
  </datafield>
</record>
